| 000 | 00805nam a2200193Ii 4500 | ||
|---|---|---|---|
| 003 | JO-AjNU | ||
| 008 | 230605s9999||||xx |||||||||||||| ||und|| | ||
| 040 |
_aJO-AjNU _bara _erda _cJO-AjNU |
||
| 041 | _aara | ||
| 050 | 1 | 4 | _aKRM537.4.B3652 |
| 100 | 3 |
_aالبنا ، كمال صالح , _eauthor _946496 |
|
| 245 | 0 | 0 | _aالصيغ القانونية لدعاوى الأحوال الشخصية مذيلة بالنصوص القانونية والفقهية ومبادئ القضاء وفقا لآخر التعديلات |
| 264 | 3 | 1 | _aالقاهرة : عالم الكتب ، 1990 |
| 300 | _a288ص | ||
| 336 |
_atext _btxt _2rdacontent |
||
| 337 |
_aunmediated _bn _2rdamedia |
||
| 338 |
_avolume _bnc _2rdacarrier |
||
| 650 | 4 |
_aالاحوال الشخصية -- قوانين وتشريعات -- مصر _946497 |
|
| 999 |
_aA20232 _c23800 _d23800 |
||